LEADER 01250nam a2200241 u 4500 001 000000104741 003 CaOOAMICUS 005 20070427100747.0 008 070427s2006 gw u001 u ger u 040 $aPUL$bita$dLDB 245 00$aPaulus und Johannes :$bexegetische Studien zur paulinischen and johanneischen Theologie and Literatur /$chrsg von Dieter Sänger und Ulrich Mell. 260 $aTübingen :$bMohr Siebeck,$cc2006. 300 $ax, 556 p. ;$c24 cm 490 1 $aWissenschaftliche Untersuchungen zum Neuen Testament ;$v198 500 $aIndici: p. [503]-556. 504 $aBibliografia in nota. 630 04$aBiblia.$pN.T.$pIohannes$xCritica e interpretazione.$0(OLS)http://pul/subject/37920 630 04$aBiblia.$pN.T.$pActus apostolorum.$xCritica e interpretazione.$0(OLS)http://pul/subject/1725 700 1 $aMell, Ulrich.$0(OLS)http://pul/name/49335 700 1 $aSänger, Dieter.$0(OLS)http://pul/name/49261 830 0$aWissenschaftliche Untersuchungen zum Neuen Testament ;$v198.$0(OLS)http://pul/title/8628 996 $6245$aPaulus und Johannes :$bexegetische Studien zur paulinischen and johanneischen Theologie and Literatur$9(OLS)http://pul/title/131740 996 $6260$aTübingen :$bMohr Siebeck$9(OLS)http://pul/publisher/52004 LEADER 01532nam a2200325 a 4500 001 000000173520 003 CaOOAMICUS 005 20200529124633.0 008 200529s2019 it u000 u ita r 020 $a978-88-08-82085-3* 032 $aLibriCat 040 $aPUL$bita 082 04$a348.45 245 00$aFintech: diritti, concorrenza, regole : $ble operazioni di finanziamento tecnologico / $copera diretta da Giusella Finocchiaro e Valeria Falce ; contributi di Chantal Bomprezzi ... [et al.] ; prefazione di Guido Alpa. 260 $aBologna :$bZanichelli,$c©2019. 300 $aXXXV, 556 p. ;$c25 cm 490 1 $aStrumenti del diritto ;$v53 600 14$aAlpa, Guido.$0(OLS)http://pul/subject/46083 700 1 $aFalce, Valeria.$0(OLS)http://pul/name/72941 700 1 $aFinocchiaro, Giusella.$0(OLS)http://pul/name/82761 700 1 $aBomprezzi, Chantal.$0(OLS)http://pul/name/111435 830 0$aStrumenti del diritto ;$v53.$0(OLS)http://pul/title/136502 850 $aPUL 852 $aPUL$W1$xSL Diritto e Scienze Sociali 3$y79$m348 COLL 1.53$j197513$qDDC 21$B202298$CPULBib$Z2$F202298 $H134157 $82 941 1 $a9 996 $6020$a978-88-08-82085-3*$9(OLS)http://pul/number/167521 996 $6082$a348.45$9(OLS)http://pul/classification/373 996 $6245$aFintech: diritti, concorrenza, regole : $ble operazioni di finanziamento tecnologico / $9(OLS)http://pul/title/214699 996 $6260$aBologna :$bZanichelli$9(OLS)http://pul/publisher/48255